| 000 | nam a22 7a 4500 | ||
|---|---|---|---|
| 999 |
_c28448 _d28447 |
||
| 003 | OSt | ||
| 005 | 20170522160826.0 | ||
| 008 | 170522b xxu||||| |||| 00| 0 eng d | ||
| 020 | _a8189836188 | ||
| 040 |
_aMMU _beng _cMMU _dMMU |
||
| 050 | _aRM301.13 .R67 2007 | ||
| 100 | _aRosenfeld C. Gary | ||
| 245 | _aPharmacology / | ||
| 250 | _a4th ed. | ||
| 260 |
_aToronto: _bLippincott Williams & Wilkins, _c2007. |
||
| 300 | _axi, 372 p.: | ||
| 500 | _aIncludes index | ||
| 650 | _aPharmacology | ||
| 700 | _aDavid S. Loose | ||
| 942 |
_2lcc _cLOAN LOAN |
||